000 00265nam a2200109Ia 4500
008 220204s9999 xx 000 0 und d
082 _a82-3
_bCLA
100 _aClarke, Arthur C
245 0 _aFall of moondust
260 _aLondon
_bVictor Gollancz
_c1973
942 _cBK
999 _c24829
_d24829